000 00677cgm a22002415a 4500
001 L146156
002 ##10278
008 081212s2006 xxk f 000 0 eng u
020 _a1904829430
035 _a(Sirsi) u146156
041 0 _aeng
050 0 4 _a692.5 $2 18
245 0 0 _aBCIS Wessex estimating price book
_balterations & refurbishment pricing system 2007 [electronic resource]
250 _a12th ed.
260 _aPoole
_bWessex
_c2006
300 _a1 CD-ROM
350 _a65
520 2 _aCD-ROM of the main work (L136511)
651 4 _aEngland and Wales
_y1543-
690 _aBUILT ENVIRONMENT-BUILDING COSTS
700 1 _aBarnett, N.P.
_eEditor
942 _n0
999 _c85468
_d85468